Shina bunka no kenkyū,

Saved in:
Bibliographic Details
Main Author: Gotō, Asatarō, 1881-1945.
Format: Book
Language:Japanese
Published: Tōkyō, Fuzanbō, Taishō 15 [1926]
Subjects:
Tags: Add Tag
No Tags, Be the first to tag this record!
LEADER 00782nam a2200217u 4500
001 007713794-9
005 20024617115958.0
008 900620s1926 ja ab 000 0 jpn d
035 0 |a ocm21889559 
040 |a CLU  |c CLU  |d *YNH*  |d CStRLIN 
100 1 |6 880-01  |a Gotō, Asatarō,  |d 1881-1945. 
245 1 0 |6 880-02  |a Shina bunka no kenkyū,  |c Gotō Asatarō cho. 
260 |6 880-03  |a Tōkyō,  |b Fuzanbō,  |c Taishō 15 [1926] 
300 |a 6, 4, 3, 22, 784, 4 p.  |b illus. (part col.), fold. col. map.  |c 23 cm. 
651 0 |a China  |x Civilization. 
651 0 |a China  |x Description and travel. 
880 1 |6 100-01  |a 後藤朝太郎,  |d 1881-1945. 
880 1 0 |6 245-02  |a 支那文化の硏究,  |c 後藤朝太郎著. 
880 |6 260-03  |a 東京,  |b 冨山房,  |c 大正15 [1926] 
988 |a 20021214 
906 |0 OCLC